OILS AND FATS ANALYSIS - Recent Advances and Future Prospects / (Record no. 368)

MARC details
000 -LEADER
fixed length control field 00954naa a2200265 u 4500
001 - CONTROL NUMBER
control field 02982
003 - CONTROL NUMBER IDENTIFIER
control field HDC
008 - FIXED-LENGTH DATA ELEMENTS--GENERAL INFORMATION
fixed length control field 201225t20040327my o 000 0 eng
040 ## - CATALOGING SOURCE
Original cataloging agency HDC
100 ## - MAIN ENTRY--PERSONAL NAME
Personal name Yaakob Che Man,
Titles and words associated with a name Prof. Dr.,
Relator term author
9 (RLIN) 1590
245 #0 - TITLE STATEMENT
Title OILS AND FATS ANALYSIS - Recent Advances and Future Prospects /
Statement of responsibility, etc. by Prof. Dr. Yaakob Che Man,
260 ## - PUBLICATION, DISTRIBUTION, ETC.
Place of publication, distribution, etc. Serdang, Selangor :
Name of publisher, distributor, etc. Universiti Putra Malaysia,
Date of publication, distribution, etc. 2004
300 ## - PHYSICAL DESCRIPTION
Extent 36 pages
336 ## - CONTENT TYPE
Content type term text
Source rdacontent
337 ## - MEDIA TYPE
Media type term computer
Source rdamedia
338 ## - CARRIER TYPE
Carrier type term online resource
Source rdacarrier
490 ## - SERIES STATEMENT
Series statement Syarahan inaugural
650 ## - SUBJECT ADDED ENTRY--TOPICAL TERM
Topical term or geographic name entry element Oils and fats
General subdivision Analysis
9 (RLIN) 1591
650 ## - SUBJECT ADDED ENTRY--TOPICAL TERM
Topical term or geographic name entry element Oils and fats
General subdivision Standards
9 (RLIN) 1592
650 ## - SUBJECT ADDED ENTRY--TOPICAL TERM
Topical term or geographic name entry element Oils and fats
General subdivision Testing
9 (RLIN) 1593
856 ## - ELECTRONIC LOCATION AND ACCESS
Public note Request full-text at [email protected]
942 ## - ADDED ENTRY ELEMENTS (KOHA)
Source of classification or shelving scheme Library of Congress Classification
942 ## - ADDED ENTRY ELEMENTS (KOHA)
Koha item type E-Book
942 ## - ADDED ENTRY ELEMENTS (KOHA)
Call number prefix EBOK 001441
Holdings
Withdrawn status Lost status Source of classification or shelving scheme Damaged status Not for loan Home library Current library Shelving location Date acquired Total checkouts Full call number Date last seen Price effective from Koha item type
    Library of Congress Classification     Halal Development Corporation Library Halal Development Corporation Library Open Shelves 24/05/2023   EBOK 001441 24/05/2023 24/05/2023 E-Book
Halal Development Corporation Berhad (HDC)
5.02 Level 5, KPMG Tower, First Avenue, Persiaran Bandar Utama, 47800 Petaling Jaya, Selangor Darul Ehsan
Phone: +603 7965 5489 Email: [email protected]